Los grupos de encuentro /

Bibliographic Details
Main Author: Dreyfus, Catherine
Format: Libro
Language:Spanish
Published: Madrid, España Mensajero 1977
Series:La psicología moderna
Subjects:
Online Access:

MARC

LEADER 00000cam a2200000 a 4500
001 018359
003 UAHC_CL
005 20170803121618.0
008 060502b1977 sp 000 spa
020 |a 842711060X 
040 |a UAHC_CL  |c UAHC_CL  |d UAHC_CL 
100 1 |a Dreyfus, Catherine 
245 1 4 |a Los grupos de encuentro /  |c Catherine Dreyfus. 
260 |b Mensajero  |c 1977  |a Madrid, España 
300 |a 251 p. 
490 0 |a La psicología moderna 
650 4 |a PSICOTERAPIA DE GRUPOS 
650 4 |a TERAPIA GESTALTICA 
650 4 |a PSICODRAMA 
900 |a 616.89 DRE 
942 |c BK 
952 |0 0  |1 0  |4 0  |6 616_890000000000000_DRE  |7 0  |8 General  |9 36726  |a BC  |b BC  |c General  |d 2017-08-03  |l 0  |o 616.89 DRE  |p 1352429  |r 2019-12-02 00:00:00  |t 1  |w 2017-08-03  |y BK 
999 |c 18359  |d 18359